Loading...
| Science - Physics | 0 | 10 | 0 | 0 | 100 | 38 | 52.80 | 7 | 9 | 55.81 | 88.94 |
| Science - Other | 0 | 9 | 0 | 2 | 90 | 15 | 68.44 | 1 | 6 | 40.21 | 61.89 |
| Science - Chemistry | 0 | 5 | 1 | 1 | 45 | 11 | 54.20 | 2 | 4 | 25.39 | 33.33 |
| Science - Biology | 0 | 4 | 0 | 0 | 40 | 59 | 64.50 | 0 | 2 | 17.37 | 30.17 |
| History - Other | 0 | 2 | 0 | 0 | 20 | 89 | 90.50 | 0 | 0 | 5.23 | 7.33 |
| Fine Arts - Classical Music | 0 | 2 | 0 | 0 | 20 | 33 | 72.50 | 1 | 1 | 8.02 | 12.50 |
| Social Science | 0 | 1 | 0 | 0 | 10 | 56 | 56.00 | 0 | 1 | 4.91 | 8.33 |
| History - European | 0 | 1 | 0 | 0 | 10 | 105 | 105.00 | 0 | 0 | 1.80 | 2.50 |
| Literature - American | 0 | 1 | 0 | 0 | 10 | 32 | 32.00 | 1 | 1 | 7.85 | 10.00 |
| Other Academic | 0 | 1 | 0 | 1 | 10 | 118 | 118.00 | 0 | 0 | 0.00 | 3.33 |
| Religion | 0 | 1 | 0 | 0 | 10 | 80 | 80.00 | 0 | 1 | 2.79 | 7.00 |
| Philosophy | 0 | 1 | 1 | 0 | 5 | 77 | 77.00 | 0 | 1 | 3.00 | 7.50 |